Central Library OPAC University of Rajshahi

Applications of liquid crystals / (Record no. 11252)

MARC details
000 -LEADER
fixed length control field 01119cam a2200301 i 4500
001 - CONTROL NUMBER
control field 11252
003 - CONTROL NUMBER IDENTIFIER
rucl marc code BD-RjUL
005 - DATE AND TIME OF LATEST TRANSACTION
control field 20211208235108.0
008 - FIXED-LENGTH DATA ELEMENTS--GENERAL INFORMATION
fixed length control field 140126t1975 gw a b 001 0 eng
020 ## - INTERNATIONAL STANDARD BOOK NUMBER
International Standard Book Number 0387073027
035 ## - SYSTEM CONTROL NUMBER
System control number (BD-RjUL)11301
040 ## - CATALOGING SOURCE
Original cataloging agency DLC
Transcribing agency DLC
Modifying agency DLC
-- BD-RjUL
Language of cataloging eng
041 ## - LANGUAGE CODE
Language code of text/sound track or separate title eng
082 00 - DEWEY DECIMAL CLASSIFICATION NUMBER
Classification number 548.81
Edition number 16
Author mark and year MEA 1975
100 1# - MAIN ENTRY--PERSONAL NAME
Personal name Meier, Gerhard,
Dates associated with a name 1930-
9 (RLIN) 34820
245 00 - TITLE STATEMENT
Title Applications of liquid crystals /
Statement of responsibility, etc. G. Meier, E. Sackmann, J. G. Grabmaier.
260 ## - PUBLICATION, DISTRIBUTION, ETC. (IMPRINT)
Place of publication, distribution, etc. Berlin ;
-- New York :
Name of publisher, distributor, etc. Springer-Verlag,
Date of publication, distribution, etc. 1975.
300 ## - PHYSICAL DESCRIPTION
Pagination 164 p. :
Illustrations ill. ;
Size 25 cm.
504 ## - BIBLIOGRAPHY, ETC. NOTE
Bibliography, etc Includes bibliographical references and indexes.
505 0# - FORMATTED CONTENTS NOTE
Formatted contents note Meier, G. Physical properties of liquid crystals.--Sackmann, E. Scientific applications of liquid crystals.--Grabmaier, J. G. Medical and technical applications of liquid crystals.
650 #0 - SUBJECT ADDED ENTRY--TOPICAL TERM
Topical term or geographic name as entry element Liquid crystals.
9 (RLIN) 30218
Topical term or geographic name as entry element Liquid crystal devices.
9 (RLIN) 34821
700 1# - ADDED ENTRY--PERSONAL NAME
Personal name Sackmann, E.
Fuller form of name (Erich),
Relator term joint author.
Personal name Grabmaier, J. G.,
Relator term joint author.
942 ## - ADDED ENTRY ELEMENTS (KOHA)
Source of classification or shelving scheme Dewey Decimal Classification
Koha item type Books
Holdings
Lost status Source of classification or shelving scheme Damaged status Not for loan Collection code Permanent Location Current Location Shelving location Date acquired Source of acquisition Cost, normal purchase price Total Checkouts Full call number Date last seen Copy number Koha item type
  Dewey Decimal Classification     Non-fiction Central Library, University of Rajshahi Central Library, University of Rajshahi   28/12/1981 Heffers. 15.65   548.81 MEA 1975 26/01/2014 C-3 Books
  Dewey Decimal Classification   Not For Loan Non-fiction Central Library, University of Rajshahi Central Library, University of Rajshahi Reading Room 28/12/1981 Heffers 15.65   548.81 MEA 1975 16/04/2017 C-1 Books
  Dewey Decimal Classification     Non-fiction Central Library, University of Rajshahi Central Library, University of Rajshahi   28/12/1981 Heffers 15.65   548.81 MEA 1975 25/05/2017 C-2 Books